书目信息 |
| 题名: |
风暴
|
|
| 作者: | 章轲 , 汪永晨 主编 | |
| 分册: | 2016年卷 | |
| 出版信息: | 北京 中国环境出版集团 2019.07 |
|
| 页数: | 467页 | |
| 开本: | 24cm | |
| 丛书名: | ||
| 单 册: | ||
| 中图分类: | X321.2 | |
| 科图分类: | ||
| 主题词: | 生态环境建设--sheng tai huan jing jian she--调查报告--中国--2016 | |
| 电子资源: | ||
| ISBN: | 978-7-5111-4050-0 | |
| 000 | 00936nam 2200253 450 | |
| 001 | 202020141082 | |
| 005 | 20200926181358.0 | |
| 010 | @a978-7-5111-4050-0@dCNY158.00 | |
| 100 | @a20200919d2019 em y0chiy50 ea | |
| 101 | 0 | @achi |
| 102 | @aCN@b110000 | |
| 105 | @aa z 000yy | |
| 106 | @ar | |
| 200 | 1 | @a风暴@Afeng bao@e中国环境记者调查报告@h2016年卷@f章轲, 汪永晨主编 |
| 210 | @a北京@c中国环境出版集团@d2019.07 | |
| 215 | @a467页@c彩图@d24cm | |
| 330 | @a本书主要内容包括: 环保部门究竟是一个什么部门、环保重拳: 中央环保督察从“督企”到“督政”、从概念到实践: 国家主导的“国家公园”探索等。 | |
| 517 | 1 | @a中国环境记者调查报告@Azhong guo huan jing ji zhe diao cha bao gao |
| 606 | 0 | @a生态环境建设@Asheng tai huan jing jian she@x调查报告@y中国@z2016 |
| 690 | @aX321.2@v5 | |
| 701 | 0 | @a章轲@Azhang ke@4主编 |
| 701 | 0 | @a汪永晨@Awang yong chen@4主编 |
| 801 | 0 | @aCN@c20190829 |
| 905 | @a河南城建学院图书馆@dX321.2@eZ263 | |
| 风暴:中国环境记者调查报告.2016年卷/章轲, 汪永晨主编.-北京:中国环境出版集团,2019.07 |
| 467页:彩图;24cm |
| ISBN 978-7-5111-4050-0:CNY158.00 |
| 本书主要内容包括: 环保部门究竟是一个什么部门、环保重拳: 中央环保督察从“督企”到“督政”、从概念到实践: 国家主导的“国家公园”探索等。 |
| ● |
| 相关链接 |
|
|
|
正题名:风暴
索取号:X321.2/Z263
 
预约/预借
| 序号 | 登录号 | 条形码 | 馆藏地/架位号 | 状态 | 备注 |
| 1 | 1491219 | 214912193 | 自科库501/501自科库 66排1列1层/ [索取号:X321.2/Z263] | 在馆 |